000 00455nam a22001577a 4500
003 OSt
005 20140311163159.0
008 140227t xxu||||| |||| 00| 0 eng d
050 _aQA 39.2
_b.R6184 1998
100 _aRobinovitz, Judith
_930764
245 _aPractical math success in 20 minutes a day /
_cJudith Robinovitz.
260 _aNew York :
_bLearningExpress,
_c1998.
300 _a222 p. :
_bill. ;
_c28 cm.
942 _2lcc
_cBK-TR
999 _c42461
_d42461